Demogeografická analýza Slovenska

Salvato in:
Dettagli Bibliografici
Natura: Libro
Lingua:slovacco
Pubblicazione: Bratislava Univerzita Komenského v Bratislave 2006
Soggetti:
Tags: Aggiungi Tag
Nessun Tag, puoi essere il primo ad aggiungerne!!

MARC

LEADER 00000nam$a2200000$$$4500
001 0051613
005 20240612091621.3
020 |a 80-223-2191-5 
041 0 |a slo 
044 |a SK 
245 1 0 |a Demogeografická analýza Slovenska 
264 1 |a Bratislava  |b Univerzita Komenského v Bratislave  |c 2006 
300 |a 222 s. 
610 2 0 |a demografia 
610 2 0 |a Slovensko 
610 2 0 |a obyvateľstvo 
610 2 0 |a vývoj populačný 
610 2 0 |a štruktúra obyvateľstva 
610 2 0 |a pohyb obyvateľstva 
610 2 0 |a prognózy demografické 
610 2 0 |a demografia ekonomická